000 00873nam a2200217 a 4500
003 AM-YEHGA
040 _aAM-YeHGA
942 _2udc
_cBK
090 _c463008
001 000316980
005 20250618075408.0
008 040311s1926 ai 000 | arm d
041 1 _aarm
_htur
100 1 _aՍաբիր, Միրզա Ա.
245 1 0 _aՀոփ-հոփ նամե :
_b(Բանաստեղծությունների ժողովածու) /
_cՍաբիր Միրզա Ալի Աքպեր Թահիր Զադե; Թուրք. հայերենի վերածեց՝ Ամեռ.
260 _aԲագու :
_b"Բակինսկի Րաբոչի" կոոպերատիվ հրատ.,
_c1926.
300 _a38 էջ
_b1 թ. դիմանկ. ;
_c19 սմ.
500 _aՏողատ. ծանոթ.
650 1 4 _aԱդրբեջանական գրականություն
_xՊոեզիա
700 0 _aԱմեռ
_eթարգմ.
_4trl
_925
999 _c459935
_d459935